| 000 | 00545nam a2200205 i 4500 | ||
|---|---|---|---|
| 001 | 18936 | ||
| 003 | ES-MaACL | ||
| 007 | t| | ||
| 008 | 020415s2001 sp ||||1| spa d | ||
| 020 | _a84-321-3374-4 | ||
| 080 | _a821.134.2-14"19" | ||
| 100 | 1 |
_aMorante, José Luis. _983143 |
|
| 245 | 1 | 0 |
_aLargo recorrido / _cJosé Luis Morante. |
| 260 |
_aMadrid : _bRialp, _c[2001] |
||
| 300 |
_a60 p. ; _c18 cm. |
||
| 490 | 1 |
_aAdonais ; _v558 |
|
| 830 | 0 | 0 |
_aAdonáis _v558 _9173743 |
| 852 |
_aES-MaACL _jJ-23-558 _bR.131585 |
||
| 999 |
_c18936 _d18936 |
||